Detritivores of the south American fish family Prochilodontidae (Teleostei: Ostariophysi: Characiformes) (Registro nro. 5443)

Detalles MARC
000 -CABECERA
Campo de control 00586nam a2200181 a 4500
090 ## - CLASIFICACIÓN LOCAL
Colección LB
Consecutivo 04739
041 ## - IDIOMA
Código de idioma para texto/pista de sonido o título separado Inglés
100 ## - ASIENTO PRINCIPAL--NOMBRE PERSONAL
Nombre personal Castro, Ricardo M.C.
245 ## - MENCION DE TITULO
Título Detritivores of the south American fish family Prochilodontidae (Teleostei: Ostariophysi: Characiformes)
Parte restante del título a phylogenetic and revisionary study
260 ## - PUBLICACION, DISTRIBUCION, ETC. (PIE DE IMPRENTA)
Lugar de publicación, distribución, etc. Washintong
Nombre del editor, distribuidor, etc. Smithsonian c
Fecha de publicación, distribución, etc. 2004
300 ## - DESCRIPCION FISICA
Extensión 189 p.
650 ## - ASIENTO SECUNDARIO DE MATERIA - TERMINO TEMATICO
Término temático o nombre geográfico como elemento de entrada Peces
662 ## - ASIENTO SECUNDARIO DE MATERIA - JERARQUIA DEL NOMBRE DE LUGAR(
Jurisdicción política intermedia Suramérica
700 ## - ASIENTO SECUNDARIO - NOMBRE PERSONAL
Nombre personal Vari, Richard P.
942 ## - ELEMENTOS ADICIONALES (KOHA)
Tipo de ítem
945 ## - PROCESAMIENTO LOCAL
AAAA-MM-DD - Fecha de ingreso o modificacion 2006-12-28
Existencias
Withdrawn status Lost status Sistema de Clasificación Damaged status No para préstamo Colección Inventariado Ubicación Permanente Ubicación actual Fecha de adquisición Fuente de Valor Total Checkouts Número topográfico Inventario / Código de Barras Date last seen Ejemplar Price effective from Forma de adquisición Tipo de material
    Local     Ictiología Inventariado 2017 Villa de Leyva Villa de Leyva 28/12/2006 Amazon   LB-04739 023938 04/12/2012 Ej.1 04/12/2012   Libro